ბათუმის შოთა რუსთაველის სახელმწიფო უნივერსიტეტის ბიბლიოთეკა

კრიმინალისტიკა : [2 ტომად] : (ბიბ.ჩანაწერი № 59492)

000 -ლიდერი
ფიქსირებული სიგრძის საკონტროლო ველი 01276nam a22002297a 4500
003 - საკონტროლო ნომრის იდენტიფიკატორი
საკონტროლო ველი Ge_BSU
005 - ბოლო ოპერაციის თარიღი და დრო
საკონტროლო ველი 20230228170658.0
008 - ფიქსირებული სიგრძის მონაცემთა ელემენტები - ზოგადი ინფორმაცია
ფიქსირებული სიგრძის საკონტროლო ველი 230228s1995 ge ||||| |||| 00| 0 geo d
041 ## - ენის კოდი
Language code of text/sound track or separate title geo
080 ## - უნივერსალური ათობითი კლასიფიკაციის ინდექსი
Universal Decimal Classification number 343.98(075.8) ა-84
245 ## - ცნობა სათაურის შესახებ
Title კრიმინალისტიკა : [2 ტომად] :
Remainder of title ტ. 2 /
Statement of responsibility, etc ავტ.: ა. კვაშილავა და სხვ. ; რედ.: ა. ფალიაშვილი, მ. ქურდაძე ; თბილისის დამოუკიდებელი უნ-ტი.
264 ## - წარმოების, გამოცემის, დისტრიბუციის და სხვა ცნობები
გამოცემის, წარმოების, დისტრიბუციის... ადგილი თბილისი :
გამოცემის, წარმოების, დისტრიბუციის... სახელწოდება ნეკერი,
გამოცემის, წარმოების, დისტრიბუციის... თარიღი 1995.
300 ## - ფიზიკური აღწერა
Extent 384 გვ.;
Other physical details 20 სმ.
653 ## - INDEX TERM--UNCONTROLLED
Uncontrolled term კრიმინალისტიკა
653 ## - INDEX TERM--UNCONTROLLED
Uncontrolled term კრიმინალისტიკური საგამოძიებო ტაქტიკა
653 ## - INDEX TERM--UNCONTROLLED
Uncontrolled term დანაშაულის გამოძიების მეთოდიკა
700 ## - ADDED ENTRY--PERSONAL NAME
Personal name სიმონიშვილი, ვ.
Relator term ავტორი
9 (RLIN) 17078
700 ## - ADDED ENTRY--PERSONAL NAME
Personal name ფალიაშვილი, ა.
Relator term ავტორი
9 (RLIN) 4030
700 ## - ADDED ENTRY--PERSONAL NAME
Personal name ფაფიაშვილი, შ.
Relator term ავტორი
9 (RLIN) 836
700 ## - ADDED ENTRY--PERSONAL NAME
Personal name წულაია, ზ. და სხვ.
Relator term ავტორი.
9 (RLIN) 17079
942 ## - ADDED ENTRY ELEMENTS (KOHA)
Source of classification or shelving scheme
Koha item type წიგნი
ეგზემპლარები
ჩამოწერის სტატუსი დაკარგული ეგზემპლარის სტატუსი კლასიფიკაციის წყარო ან თაროზე გაწყობის სქემა დაზიანების სტატუსი არ გაიცემა მუდმივი მდებარეობა (დაცვის ადგილი) ამჟამინდელი ადგილსამყოფელი თაროზე განთავსების ადგილი შეძენის თარიღი ღირებულება, შესყიდვის ნორმალური ფასი სრული შენახვის შიფრი შტრიხკოდი ბოლო ოპერაციის თარიღი ეგზემპლარის მიმდევრობითი ნომერი (კეტერი?) ფასის ძალაში შესვლის თარიღი ეგზემპლარის სახეობა საჯარო შენიშვნა
          ბათუმის შოთა რუსთაველის სახელმწიფო უნივერსიტეტის მთავარი ბიბლიოთეკა ბათუმის შოთა რუსთაველის სახელმწიფო უნივერსიტეტის მთავარი ბიბლიოთეკა წიგნსაცავი 2023-02-28 5.00 343.98(075.8) ა-84 63801 2023-02-28 63801 2023-02-28 წიგნი 5 ლ.